| 000 | 00845nam a2200229Ia 4500 | ||
|---|---|---|---|
| 003 | GCL | ||
| 005 | 20240530103129.0 | ||
| 008 | 140319s9999 xx 000 0 ara d | ||
| 040 |
_aGCL / _cGCL |
||
| 082 | 0 | 4 |
_a929.1 _bا ك |
| 100 | 1 | _aمحمد زينهم محمد عزب | |
| 245 | 1 | 0 |
_aكتاب المؤتلف والمختلف / _cمحمد زينهم محمد عزب |
| 260 |
_aالقاهرة : _bدار الامين للنشر والتوزيع ، _c1994 |
||
| 300 |
_a181 ص ؛ _c24 سم |
||
| 490 |
_aمن موسوعة الانساب _v0 |
||
| 650 | 0 | 4 | _aالتراجم |
| 650 | 0 | 4 | _aالانساب العربية |
| 650 | 0 | 4 | _aاعلام العرب |
| 650 | 0 | 4 | _aالانساب والاعراق |
| 700 | 1 | _aالازدى المصرى : ابومحمد عبدالغنى بن سعيد بن بشر بن مروان | |
| 942 |
_2ddc _cBK |
||
| 999 |
_c37059 _d37059 |
||